<?xml version="1.0" encoding="UTF-8"?>
<marc:record xmlns:marc="http://www.loc.gov/MARC21/slim">
   <marc:leader>00000nam a2200000 a 4500</marc:leader>
   <marc:datafield ind1="1" ind2=" " tag="100">
      <marc:subfield code="a">Binchy, Maeve</marc:subfield>
      <marc:subfield code="4">aut</marc:subfield>
      <marc:subfield code="e">Verfasser/-in</marc:subfield>
   </marc:datafield>
   <marc:datafield ind1="0" ind2="0" tag="245">
      <marc:subfield code="a">Insel der Sterne</marc:subfield>
   </marc:datafield>
   <marc:datafield ind1="0" ind2="0" tag="245">
      <marc:subfield code="b">[Roman]</marc:subfield>
   </marc:datafield>
   <marc:datafield ind1=" " ind2="1" tag="264">
      <marc:subfield code="b">Droemer</marc:subfield>
      <marc:subfield code="c">2005</marc:subfield>
   </marc:datafield>
   <marc:datafield ind1="1" ind2=" " tag="520">
      <marc:subfield code="a">Fiona, die junge irische Krankenschwester, versucht verzweifelt ihrer Familie klar zu machen, dass sie ihren eigenen Weg gehen muss. Der Amerikaner Thomas vermisst schmerzlich seinen Sohn und befürchtet, dass sich seine Exfrau zwischen sie stellen könnte. Die Deutsche Elsa hat ihren Job als Fernsehansagerin aufgegeben, doch es gibt jemanden in ihrem Leben, der sie nicht loslassen will. Und der schüchterne David hat nur einen Wunsch: sich gegen seinen dominierenden Vater durchzusetzen. Einen langen Sommer verbringen diese vier Menschen auf der griechischen Insel Aghia Anna, kämpfen mit Zweifeln und Heimweh, erleben Glücksmomente - und verbinden ihr Leben immer mehr mit dem der Menschen dort ...</marc:subfield>
   </marc:datafield>
   <marc:datafield ind1="3" ind2=" " tag="024">
      <marc:subfield code="a">9783426661819</marc:subfield>
   </marc:datafield>
</marc:record>
